Logo BPK

Biblioteka

Politechniki Koszalińskiej

Rascety po processam i apparatam chimiceskoj technologii / (Rekord nr 23834)

Szczegóły MARC
000 -ETYKIETA REKORDU
podpole kontrolne o stałej długości 00495nam a2200169 i 4500
001 - NUMER KONTROLNY REKORDU
pole kontrolne bg
040 ## - ŹRÓDŁO KATALOGOWANIA
Instytucja, która utworzyła rekord BPK
041 ## - KOD JĘZYKA
Kod języka tekstu pol
080 ## - UNIWERSALNA KLASYFIKACJA DZIESIĘTNA - UKD
UKD 66.02
008 - POLE O STAŁEJ DŁUGOŚCI - DANE KONTROLNE
podpole kontrolne o stałej długości s pl f |000 0 pol
100 1# - NAZWA OSOBOWA
Nazwa osobowa FLOREA, O.
245 #0 - TYTUŁ/ODPOWIEDZIALNOŚĆ
Tytuł Rascety po processam i apparatam chimiceskoj technologii /
Pozostałe elementy strefy tytułu i oznaczenia odpowiedzialności O. Florea, O. Smigel'skij ; perev. s ang. Z. M. Chajmskogo.
260 ## - STREFA ADRESU WYDAWNICZEGO
Miejsce wydania Moskva :
Nazwa wydawcy/dystrybutora "Chimija",
Data publikacji, dystrybucji/powstania dokumentu 1971.
300 ## - STREFA OPISU FIZYCZNEGO
Objętość 444, [4] s. :
Inne cechy fizyczne rys., wykr. ;
Rozmiary 23 cm.
700 1# - HASŁO DODATKOWE - NAZWA OSOBOWA
Nazwa osobowa SMIGELSCHI, O.
942 ## - DODATKOWE ELEMENTY (KOHA)
Typ dokumentu Książka
Egzemplarze
Wycofany Status egzemplarza Uszkodzony Dostępność Lokalizacja stała Lokalizacja bieżąca Miejsce przechowywania Sygnatura Kod kreskowy Typ dokumentu
      Dostępny Biblioteka Politechniki Koszalińskiej Biblioteka Politechniki Koszalińskiej Wypożyczalnia BG 34064 01597998 Książka
© 2023 Biblioteka Politechniki Koszalińskiej :: KOHA